Visualizzazione normale
Vista MARC
- Coleman Ornette
di Personal Name
Records bibliografici associati: 1
001 - CONTROL NUMBER
- control field: 30228
003 - CONTROL NUMBER IDENTIFIER
- control field: IT-RoPau
005 - DATE AND TIME OF LATEST TRANSACTION
- control field: 20140617172605.0
008 - FIXED-LENGTH DATA ELEMENTS
- fixed length control field: 140617|| aca||aabn | a|a d
040 ## - CATALOGING SOURCE
- Original cataloging agency: IT-RoPau
- Transcribing agency: IT-RoPau
100 ## - HEADING--PERSONAL NAME
- Personal name: Coleman Ornette
- Dates associated with a name: Codice autore musica SPICS: 10832
- Relator term: Autore musica
- Name of part/section of a work: Tears Inside
670 ## - SOURCE DATA FOUND
- Source citation: Work cat.: (IT-RoPau)99340: AA.VV. 794, Piano Today